000 00905nam a22003137a 4500
003 CHAP
005 20220329134246.0
008 971013s1989 r 00010 d
010 _a17755
011 _a18727
035 _a22812
040 _cCHAP
082 _a635.8
_bF5 1989
100 0 0 _aFletcher, J. T.
_941266
245 _aMushrooms
_b: pest and disease control
250 _a2 ed.
260 _aAndover, Hants :
_bIntercept,
_c1989
300 _a174 p.
_b: ilus.
590 _aBATCH-UPD
_b10
_c20130110
_lUCH01
_h1112
590 _aCONVERSION
_b10
_c20130109
_lUCH01
_h1311
650 1 4 _aSetas.
_9105368
650 1 4 _aSetas
_xEnfermedades.
_9105374
650 1 4 _aSetas
_xPlagas.
_9105379
700 0 _aGaze, R. H.
_947366
700 0 _aWhite, J. T.
_9121693
901 _aBK
942 _cLIBRO
949 _a635.8 F5 1989
_bBC
_cLIBRO
_d33724000088720
_eLIBRO
_gI. 179890
_h89704
_i22812
_si
_t430.00
999 _c17755
_d17755